[Event "Barcelona op rap"]
[Site "Barcelona"]
[Date "1996.12.14"]
[Round "1"]
[White "Gonzalez Aguado, Carlos"]
[Black "Barranco Montilla, Cristobal"]
[Result "0-1"]
[WhiteElo "1700"]
[BlackElo "2110"]
[PlyCount "44"]
[EventDate "1996.12.??"]
[EventType "swiss (rapid)"]
[EventRounds "8"]
[EventCountry "ESP"]
[SourceTitle "EXT 2001"]
[Source "ChessBase"]
[SourceDate "2000.11.22"]
[SourceVersion "1"]
[SourceVersionDate "2000.11.22"]
[SourceQuality "1"]

1. d4 Nf6 2. c4 e5 3. d5 Bc5 4. Nc3 d6 5. e4 0-0 6. Nf3 Ng4 7. Bg5 Bxf2+ 8. Ke2 f6 9. Bh4 Bxh4 10. Nxh4 f5 11. Qe1 Qg5 12. Qg3 f4 13. Nf3 fxg3 14. Nxg5 Nxh2 15. Nb5 Na6 16. a4 Bg4+ 17. Kd2 Rf2+ 18. Ke3 Raf8 19. Re1 Nxf1+ 20. Rexf1 Rxf1 21. Rxh7 R8f2 22. c5 Nxc5 0-1